Name a Breaking Bad episode of every letter - Statistics

General Stats
  • This quiz has been taken 54 times
  • The average score is 11 of 18
Answer Stats
Letter Answer % Correct
F 4 Days Out, Fly, Full Measure, Face Off, Fifty-One, Felina
98%
O Over, One Minute, Open House, Ozymandias
91%
B Bit by a Dead Bee, Breakage, Better Call Saul, Box Cutter, Bullet Points, Bug, Buyout, Blood Money, Buried
79%
G Gray Matter, Grilled, Green Light, Gliding Over All, Granite State
77%
P Pilot, Peekaboo, Phoenix, Problem Dog
77%
C Cancer Man, Crazy Handful of Nothin', Caballo Sin Nombre, Cornered, Crawl Space, Confessions
70%
D Down, Dead Freight
67%
H Half Measures, Hermanos, Hazard Pay
67%
A And the Bag's in the River, A No-Rough-Stuff-Type Deal, Abiquiu
65%
S Seven Thirty-Seven, Sunset, Shotgun, Salud, Say My Name,
60%
M Mandala, Mas, Madrigal
58%
N Negro y Azul, No Más
56%
K Kafkaesque
47%
R Rabid Dog
47%
I I.F.T., I See You,
44%
E End Times
37%
L Live Free Or Die
35%
T The Cat's in the Bag, Thirty-Eight Snub, To'Hajiilee
26%
No matching quizzes found
Score Distribution
Percent of People with Each Score
Percentile by Number Answered
Your Score History
You have not taken this quiz